| 000 | 00372nam a2200145 i 4500 | ||
|---|---|---|---|
| 001 | bg | ||
| 100 | 1 | _aABRAGAM, A. | |
| 245 | 1 | 0 |
_aElektronnyj paramagnitnyj rezonans perechodnych ionov. _nT.2 / _cA. Abragam, B. Bleaney. |
| 260 |
_aMoskva, _c1973. |
||
| 700 | 1 | _aBLEANEY, B. | |
| 040 | _cBPK | ||
| 041 | _apol | ||
| 942 | _cKS | ||
| 008 | s pl f |000 0 pol | ||
| 999 |
_c34819 _d34819 |
||
| 856 |
_uhttp://koha.tu.koszalin.pl/cgi-bin/koha/opac-detail.pl?biblionumber=34819 _yKatalog online BPK |
||